Introduction to dislocations / (Record no. 64591)

000 -LEADER
fixed length control field 00839cam a2200265 a 4500
001 - CONTROL NUMBER
control field 12591819
003 - CONTROL NUMBER IDENTIFIER
control field NUST - PNEC
005 - DATE AND TIME OF LATEST TRANSACTION
control field 20170116180850.0
008 - FIXED-LENGTH DATA ELEMENTS--GENERAL INFORMATION
fixed length control field 011116s2001 enka b 001 0 eng
010 ## - LIBRARY OF CONGRESS CONTROL NUMBER
LC control number 2001280073
020 ## - INTERNATIONAL STANDARD BOOK NUMBER
International Standard Book Number 0750646810
040 ## - CATALOGING SOURCE
Transcribing agency LIBRARY
050 00 - LIBRARY OF CONGRESS CALL NUMBER
Classification number QD921
Item number .H84 2001
082 00 - DEWEY DECIMAL CLASSIFICATION NUMBER
Classification number 548.842 HUL
Edition number 21
100 1# - MAIN ENTRY--PERSONAL NAME
Personal name Hull, Derek.
245 10 - TITLE STATEMENT
Title Introduction to dislocations /
Statement of responsibility, etc. D. Hull and D.J. Bacon.
250 ## - EDITION STATEMENT
Edition statement 4th ed.
260 ## - PUBLICATION, DISTRIBUTION, ETC.
Place of publication, distribution, etc. Oxford [Oxfordshire] ;
-- Boston :
Name of publisher, distributor, etc. Butterworth-Heinemann,
Date of publication, distribution, etc. 2001.
300 ## - PHYSICAL DESCRIPTION
Extent vii, 242 p. :
Other physical details ill. ;
Dimensions 25 cm.
504 ## - BIBLIOGRAPHY, ETC. NOTE
Bibliography, etc. note Includes bibliographical references and index.
650 #0 - SUBJECT ADDED ENTRY--TOPICAL TERM
Topical term or geographic name entry element Dislocations in crystals.
General subdivision -
906 ## - LOCAL DATA ELEMENT F, LDF (RLIN)
a 7
b cbc
c origcop
d 3
e ncip
f 20
g y-gencatlg
942 ## - ADDED ENTRY ELEMENTS (KOHA)
Source of classification or shelving scheme
Koha item type Book
Holdings
Withdrawn status Lost status Source of classification or shelving scheme Damaged status Not for loan Permanent Location Current Location Shelving location Date acquired Total Checkouts Full call number Barcode Date last seen Price effective from Koha item type
          Pakistan Navy Engineering College (PNEC) Pakistan Navy Engineering College (PNEC)       548.842 HUL PNECLIB-025621 08/25/2015   Book
© 2023 Central Library, National University of Sciences and Technology. All Rights Reserved.